Darkside - Alan Walker (all lyrics) - Statistics

General Stats
  • This quiz has been taken 98 times
  • The average score is 187 of 244
Answer Stats
Answer % Correct
dark
98%
(Dark side)
98%
(Dark side, dark side,dark side)
98%
side
98%
The
98%
the
98%
(T-to the dark side)
98%
I
92%
me
92%
We
90%
in
86%
Take
86%
To
86%
Don't
82%
don't
82%
light
82%
Fall
80%
Let
80%
on
80%
be
78%
into
78%
live
78%
see
78%
We're
78%
we're
78%
you
78%
and
76%
feel
76%
go
76%
it,
76%
it
76%
need
76%
night
76%
through
76%
of
71%
Let's
69%
let's
69%
no
69%
No
69%
share
69%
So
69%
something
67%
young
67%
your
67%
afraid
65%
eyes
65%
know
65%
love
65%
stories
65%
fearless
63%
Just
63%
just
63%
shadows
63%
We'll
63%
While
63%
leave
61%
not
61%
still
61%
behind
59%
world
59%
can
53%
As
45%
as
45%
out
45%
for
43%
wait
43%
believe
41%
Believe
41%
time(time, time)
41%
us
41%
black
39%
I'm
39%
running
39%
sky
39%
that
39%
come
37%
Give
37%
keeping
35%
lies
35%
like
35%
secrets
35%
their
35%
truth
33%
Beneath
31%
blind
31%
diamonds
31%
worth
29%
dreaming
27%
fool
24%
No matching quizzes found
Score Distribution
Percent of People with Each Score
Percentile by Number Answered
Your Score History
You have not taken this quiz